Loading...
| History - Other | 0 | 7 | 1 | 2 | 65 | 26 | 79.43 | 2 | 3 | 0.00 | 0.00 |
| Philosophy | 0 | 6 | 0 | 0 | 60 | 60 | 77.50 | 1 | 4 | 0.00 | 0.00 |
| History - World | 0 | 5 | 1 | 1 | 45 | 74 | 97.60 | 0 | 0 | 0.00 | 0.00 |
| History - European | 0 | 4 | 1 | 2 | 35 | 83 | 104.75 | 1 | 3 | 0.00 | 0.00 |
| History - American | 0 | 4 | 2 | 1 | 30 | 54 | 82.50 | 1 | 2 | 0.00 | 0.00 |
| Fine Arts - Visual | 0 | 2 | 0 | 0 | 20 | 109 | 110.00 | 0 | 0 | 0.00 | 0.00 |
| Literature - European | 0 | 2 | 0 | 0 | 20 | 121 | 128.50 | 0 | 0 | 0.00 | 0.00 |
| Geography/Current Events | 0 | 2 | 0 | 1 | 20 | 120 | 121.50 | 0 | 0 | 0.00 | 0.00 |
| Science - Other | 0 | 2 | 0 | 1 | 20 | 95 | 104.00 | 0 | 1 | 0.00 | 0.00 |
| Literature - American | 0 | 2 | 0 | 0 | 20 | 118 | 129.00 | 0 | 0 | 0.00 | 0.00 |
| Literature - British | 0 | 2 | 0 | 0 | 20 | 128 | 131.00 | 0 | 0 | 0.00 | 0.00 |
| Social Science | 0 | 1 | 0 | 0 | 10 | 82 | 82.00 | 0 | 1 | 0.00 | 0.00 |
| Fine Arts - Other | 0 | 1 | 0 | 0 | 10 | 135 | 135.00 | 0 | 0 | 0.00 | 0.00 |
| Mythology | 0 | 1 | 0 | 1 | 10 | 135 | 135.00 | 0 | 0 | 0.00 | 0.00 |
| Other Academic | 0 | 1 | 0 | 0 | 10 | 17 | 17.00 | 1 | 1 | 0.00 | 0.00 |
| Pop Culture | 0 | 1 | 0 | 1 | 10 | 142 | 142.00 | 0 | 0 | 0.00 | 0.00 |
| Fine Arts - Classical Music | 0 | 1 | 0 | 0 | 10 | 115 | 115.00 | 0 | 0 | 0.00 | 0.00 |
| Religion | 0 | 2 | 3 | 0 | 5 | 39 | 68.50 | 1 | 1 | 0.00 | 0.00 |